Peregrinaje hacia la ausencia

Đã lưu trong:
Chi tiết về thư mục
Tác giả chính: Pregnan Aillon, José Oscar (Tác giả)
Định dạng: Sách
Ngôn ngữ:Tiếng Tây Ban Nha
Được phát hành: Santiago Arancibia Hermanos 1961
Những chủ đề:
Các nhãn: Thêm thẻ
Không có thẻ, Là người đầu tiên thẻ bản ghi này!

MARC

LEADER 00000nam a2200000 a 4500
001 UCQ6512
003 CL-VaPUC
008 981016e19610000CL |||||||||||||||||spa|d
082 0 4 |a Ch861  |b PRE  |2 21 
100 0 |a Pregnan Aillon, José Oscar  |e author  |9 420417 
245 1 0 |a Peregrinaje hacia la ausencia 
300 |a 68 p 
942 |c BK 
945 |d 19981016 00:00:00  |a crobeson 
260 |a Santiago  |b Arancibia Hermanos  |c 1961 
650 0 |a Poesías chilenas   |9 265280 
650 0 |a Literatura chilena   |9 308278 
583 |a last modification  |c 19981016 00:00:00  |k Rodrigo Vera 
999 |c 276465  |d 276463 
952 |0 0  |1 0  |4 0  |6 CH_861_000000000000000_PRE_1961  |7 0  |8 A  |9 313705  |a BIBEDU  |b BIBEDU  |d 2019-11-20  |i 1482556  |o Ch861 PRE 1961  |p 1482556  |r 2019-11-20  |w 2019-11-20  |y BK  |k LIT